[Event "Oscaro Open 2013"]
[Site "Bastia FRA"]
[Date "2013.10.19"]
[Round "4.4"]
[White "Edouard, Romain"]
[Black "Maze, Sebastien"]
[Result "1-0"]
[WhiteTitle "GM"]
[BlackTitle "GM"]
[WhiteElo "2657"]
[BlackElo "2550"]
[WhiteFideId "633429"]
[BlackFideId "613762"]
[EventDate "2013.10.19"]

1. d4 Nf6 2. c4 g6 3. f3 Bg7 4. e4 O-O 5. Be3 d6 6. Ne2 e5 7. Qd2 exd4 8. Nxd4
Nc6 9. Nc3 a5 10. Be2 Nxd4 11. Bxd4 Nd7 12. O-O Nc5 13. Rad1 b6 14. Nd5 Bb7 15.
b3 Bxd5 16. cxd5 Qe7 17. Bxg7 Kxg7 18. Bb5 f6 19. Rfe1 Rf7 20. f4 g5 21. e5 fxe5
22. fxe5 dxe5 23. Qc3 Qf6 24. Rxe5 h6 25. Rf1 Ne4 26. Qd4 1-0

[Event "Oscaro Open 2013"]
[Site "Bastia FRA"]
[Date "2013.10.19"]
[Round "4.5"]
[White "Bosiocic, Marin"]
[Black "Fedorchuk, Sergey A."]
[Result "1/2-1/2"]
[WhiteTitle "GM"]
[BlackTitle "GM"]
[WhiteElo "2542"]
[BlackElo "2656"]
[WhiteFideId "14507927"]
[BlackFideId "14102536"]
[EventDate "2013.10.19"]

1. d4 Nf6 2. c4 e6 3. Nc3 Bb4 4. e3 O-O 5. Bd3 c5 6. Ne2 d5 7. cxd5 exd5 8. a3
Bxc3+ 9. bxc3 b6 10. O-O Ba6 11. Bxa6 Nxa6 12. f3 Re8 13. Ng3 Nc7 14. Ra2 Nb5
15. Qb3 Nd6 16. Re2 Rc8 17. Bb2 Nc4 18. Bc1 Nd6 19. Rfe1 h6 20. Bb2 h5 21. Nf1
Qd7 22. Nd2 Qf5 23. Nf1 Qd3 24. Qd1 Qg6 25. a4 Nc4 26. Bc1 Na5 27. Ba3 Re6 28.
Qb1 Qxb1 29. Rxb1 cxd4 30. cxd4 Rc4 31. Bb4 Nc6 32. Reb2 Ne8 33. a5 bxa5 34. Bd2
Nd6 35. Ra2 a4 36. Rba1 a5 37. Rxa4 Rxa4 38. Rxa4 Nc4 39. e4 Nb6 40. Ra2 dxe4
41. fxe4 Rxe4 42. Bxa5 Nd5 43. Ng3 Re8 44. Rc2 Nxa5 45. Rc5 h4 46. Nf1 Nf4 47.
Rxa5 Ne2+ 48. Kf2 Nxd4 49. Ne3 g6 50. Ra4 Rd8 51. Ra5 Rb8 52. Ra2 Kg7 53. Rd2
Ne6 54. h3 Rb4 55. Nf1 Ng5 56. Ke3 Re4+ 57. Kd3 Re6 58. Ra2 Ne4 59. Nh2 Ng3 60.
Nf3 Nf5 61. Ra4 Re3+ 62. Kd2 Rb3 63. Nxh4 Nxh4 64. Rxh4 Rb2+ 65. Ke3 Rxg2 66.
Kf3 Rb2 67. Ra4 Kh6 68. Ra3 Kg5 69. Kg3 Rd2 70. Ra5+ f5 71. Ra3 Kh5 72. Rb3 g5
73. Rb8 f4+ 74. Kf3 Rh2 75. Rh8+ Kg6 76. Ke4 Kg7 77. Rh5 Kg6 78. Rh8 Re2+ 79.
Kf3 Re3+ 80. Kg2 Re2+ 81. Kf3 Rh2 82. Ke4 Kf6 83. Rh6+ Kg7 84. Rh5 Rg2 85. h4
Kg6 86. Rxg5+ Rxg5 87. hxg5 Kxg5 88. Kf3 1/2-1/2

[Event "Oscaro Open 2013"]
[Site "Bastia FRA"]
[Date "2013.10.19"]
[Round "4.6"]
[White "Balogh, Csaba"]
[Black "Greenfeld, Alon"]
[Result "1-0"]
[WhiteTitle "GM"]
[BlackTitle "GM"]
[WhiteElo "2632"]
[BlackElo "2545"]
[WhiteFideId "718939"]
[BlackFideId "2800039"]
[EventDate "2013.10.19"]

1. e4 c5 2. Nf3 d6 3. d4 cxd4 4. Nxd4 Nf6 5. Nc3 Nc6 6. Bg5 e6 7. Qd2 Be7 8.
O-O-O O-O 9. f3 Nxd4 10. Qxd4 a6 11. h4 b5 12. Kb1 Bb7 13. Qd2 Rc8 14. Ne2 Re8
15. Nd4 Nd7 16. Nb3 Ne5 17. Na5 Ba8 18. Be2 Qc7 19. a3 d5 20. Bxe7 Rxe7 21. f4
Nc4 22. Nxc4 bxc4 23. exd5 Bxd5 24. Rh3 Qb8 25. Rg3 f6 26. Qd4 Rb7 27. Ka1 Rc6
28. Qxf6 c3 29. Rxd5 exd5 30. Qxc6 1-0

[Event "Oscaro Open 2013"]
[Site "Bastia FRA"]
[Date "2013.10.19"]
[Round "4.7"]
[White "Libiszewski, Fabien"]
[Black "Postny, Evgeny"]
[Result "0-1"]
[WhiteTitle "GM"]
[BlackTitle "GM"]
[WhiteElo "2522"]
[BlackElo "2631"]
[WhiteFideId "616834"]
[BlackFideId "2804344"]
[EventDate "2013.10.19"]

1. c4 Nf6 2. Nc3 e5 3. Nf3 Nc6 4. e4 Bb4 5. d3 d6 6. a3 Bxc3+ 7. bxc3 h6 8. g3
O-O 9. Bg2 a6 10. Rb1 b5 11. Nd2 Rb8 12. O-O Be6 13. f4 bxc4 14. Rxb8 Qxb8 15.
f5 Bd7 16. Nxc4 Na5 17. Nxa5 Qb6+ 18. Rf2 Qxa5 19. Bb2 Rb8 20. g4 Ba4 21. Qf3
Rb3 22. Bf1 Qb6 23. Bc1 Rxc3 24. Be3 Qb1 25. g5 hxg5 26. Bxg5 Bb5 27. Qg2 Kf8
28. Qh3 Ke7 29. Qh8 Kd7 30. Qxg7 Ng4 31. Qxf7+ Kc8 32. Qe6+ Kb7 33. Qa2 Qd1 34.
Rd2 Qf3 35. a4 Rc1 36. Rf2 Nxf2 37. Bxc1 Nxd3 38. axb5 Nxc1 39. bxa6+ 0-1

[Event "Oscaro Open 2013"]
[Site "Bastia FRA"]
[Date "2013.10.19"]
[Round "4.8"]
[White "Kozul, Zdenko"]
[Black "Horvath, Adam1"]
[Result "1-0"]
[WhiteTitle "GM"]
[BlackTitle "GM"]
[WhiteElo "2597"]
[BlackElo "2530"]
[WhiteFideId "14502879"]
[BlackFideId "708003"]
[EventDate "2013.10.19"]

1. Nf3 c5 2. e3 Nc6 3. d4 d5 4. c4 e6 5. Nc3 Nf6 6. a3 dxc4 7. Bxc4 a6 8. O-O
Be7 9. dxc5 Bxc5 10. Qxd8+ Kxd8 11. Bd2 Ke7 12. Rac1 Bd6 13. Na4 Bd7 14. Nb6
Rad8 15. Nxd7 Rxd7 16. Bxa6 Ne4 17. Rfd1 bxa6 18. Rxc6 Rb8 19. Rc2 e5 20. Be1
Rb3 21. Nd2 Rd3 22. Kf1 Bc7 23. Ke2 Ba5 24. Nxe4 Rxd1 25. Bxa5 Rh1 26. Bb4+ Kd8
27. h3 f5 28. Nd6 a5 29. Bxa5+ Ke7 30. Nxf5+ Ke6 31. e4 Rdd1 32. Rc6+ Kf7 33.
Rc7+ Kf6 34. Rxg7 Rc1 35. Bd8+ Ke6 36. Re7+ 1-0

[Event "Oscaro Open 2013"]
[Site "Bastia FRA"]
[Date "2013.10.19"]
[Round "4.9"]
[White "Dourerassou, Jonathan"]
[Black "Svetushkin, Dmitry"]
[Result "1-0"]
[WhiteTitle "IM"]
[BlackTitle "GM"]
[WhiteElo "2484"]
[BlackElo "2593"]
[WhiteFideId "628050"]
[BlackFideId "13900463"]
[EventDate "2013.10.19"]

1. e4 c6 2. Nc3 d5 3. d4 dxe4 4. Nxe4 Bf5 5. Ng3 Bg6 6. Nf3 Nf6 7. h4 Nh5 8.
Nxh5 Bxh5 9. Be2 e6 10. c3 Nd7 11. Ng5 Bxe2 12. Qxe2 Nf6 13. Bd2 h6 14. Nf3 Qd5
15. O-O Bd6 16. c4 Qh5 17. Rfe1 O-O-O 18. Ne5 Bxe5 19. Qxh5 Nxh5 20. Rxe5 Nf6
21. Bc3 Nd7 22. Re3 Rhg8 23. Rf3 f6 24. Re1 Rge8 25. Rfe3 Nf8 26. f4 Kd7 27. g3
h5 28. b3 Nh7 29. Kf2 Nf8 30. Kf3 Ng6 31. Bb4 Nh8 32. f5 Kc8 33. Bc3 c5 34. Rxe6
Rxe6 35. fxe6 cxd4 36. Bxd4 b6 37. e7 Re8 38. c5 Ng6 39. cxb6 axb6 40. Bxb6 Ne5+
41. Kg2 Rxe7 42. Bd4 Kd7 43. a4 Ke6 44. b4 Kd5 45. Bc5 Rd7 46. Rd1+ Kc4 47. Rxd7
Nxd7 48. Be7 Nb6 49. a5 Nd5 50. Bf8 Kb5 51. Kf3 g6 52. Ke4 Nc3+ 53. Kd3 Nd5 54.
Kd4 Nc7 55. Be7 g5 56. Ke4 gxh4 57. gxh4 Ka6 58. Kf5 Nd5 59. Bd6 Kb5 60. Kg6 Kc6
61. Bc5 Kb5 62. Kxh5 1-0

[Event "Oscaro Open 2013"]
[Site "Bastia FRA"]
[Date "2013.10.19"]
[Round "5.1"]
[White "Naiditsch, Arkadij"]
[Black "Balogh, Csaba"]
[Result "1/2-1/2"]
[WhiteTitle "GM"]
[BlackTitle "GM"]
[WhiteElo "2724"]
[BlackElo "2632"]
[WhiteFideId "4650891"]
[BlackFideId "718939"]
[EventDate "2013.10.19"]

1. e4 e5 2. Nf3 Nc6 3. Nc3 Nf6 4. d4 exd4 5. Nxd4 Bb4 6. Nxc6 bxc6 7. Bd3 d5 8.
exd5 cxd5 9. O-O O-O 10. h3 c6 11. Qf3 Bd6 12. Bg5 h6 13. Bxf6 Qxf6 14. Qxf6
gxf6 15. Ne2 Rb8 16. b3 Bd7 17. Ng3 Rfe8 18. Nf5 Bxf5 19. Bxf5 Re7 20. Rfe1 Rbe8
21. Rxe7 Rxe7 22. Kf1 Kf8 23. g3 a5 24. Rd1 Be5 25. Kg2 Bc3 26. Kf3 Re5 27. Bd7
c5 28. Bc6 d4 29. Bb5 Re1 30. Rxe1 Bxe1 31. Ke2 Bb4 32. g4 Ke7 33. a4 f5 34.
gxf5 Kf6 35. Bc4 Kxf5 36. Bxf7 Kf4 37. Bd5 Bc3 38. Bg2 Bb4 39. Kd3 Be1 40. Ke2
Bb4 41. Kd3 Be1 42. Ke2 Bb4 43. Kd3 Be1 44. Ke2 Bb4 45. Kd3 Ke5 1/2-1/2

[Event "Oscaro Open 2013"]
[Site "Bastia FRA"]
[Date "2013.10.19"]
[Round "5.3"]
[White "Postny, Evgeny"]
[Black "Edouard, Romain"]
[Result "1-0"]
[WhiteTitle "GM"]
[BlackTitle "GM"]
[WhiteElo "2631"]
[BlackElo "2657"]
[WhiteFideId "2804344"]
[BlackFideId "633429"]
[EventDate "2013.10.19"]

1. d4 e6 2. c4 d5 3. Nf3 Nf6 4. g3 c5 5. Bg2 Nc6 6. O-O Be7 7. dxc5 Bxc5 8. a3
O-O 9. b4 Be7 10. Bb2 a6 11. Qc2 Bd7 12. cxd5 Nxd5 13. Nc3 Nxc3 14. Bxc3 Bf6 15.
Rfd1 Bxc3 16. Qxc3 Qe7 17. Ne5 Nxe5 18. Qxe5 Ba4 19. Rdc1 Rac8 20. Rc3 Rxc3 21.
Qxc3 Bc6 22. Bxc6 Rc8 23. Qe5 f6 24. Qf4 Rxc6 25. Qb8+ Kf7 26. Rd1 Qc7 27. Qxc7+
Rxc7 28. Rd6 Rc3 29. Rd7+ Kg6 30. a4 a5 31. bxa5 Rc4 32. Rxb7 Rxa4 33. Rb5 e5
34. Kg2 h5 35. h4 Kf5 36. Kf3 Ra3+ 37. e3 Ra4 38. Rc5 g6 39. Rb5 Ra3 40. Kg2 g5
41. hxg5 Kxg5 42. Kh3 Ra2 43. Kg2 Kf5 44. Kf3 Ra3 45. Rc5 Ra2 46. e4+ Kg5 47.
Kg2 Kg6 48. Rb5 Kg5 49. Rc5 Kg6 50. Kf3 Kg5 51. Ke3 Ra3+ 52. Ke2 Ra2+ 53. Kf3
Ra3+ 54. Kg2 Ra2 55. Rd5 Kg6 56. Kf1 Ra1+ 57. Ke2 Ra2+ 58. Kd3 Rxf2 59. Kc4 Re2
60. a6 Rxe4+ 61. Kb5 Re1 62. a7 Ra1 63. Kb6 Rxa7 64. Kxa7 Kf5 65. Kb6 Kg4 66.
Rd3 f5 67. Kc5 f4 68. gxf4 Kxf4 69. Kd5 h4 70. Ra3 e4 71. Kd4 Kg4 72. Kxe4 1-0

[Event "Oscaro Open 2013"]
[Site "Bastia FRA"]
[Date "2013.10.19"]
[Round "5.5"]
[White "Shchekachev, Andrei"]
[Black "Almasi, Zoltan"]
[Result "0-1"]
[WhiteTitle "GM"]
[BlackTitle "GM"]
[WhiteElo "2517"]
[BlackElo "2707"]
[WhiteFideId "4107730"]
[BlackFideId "702293"]
[EventDate "2013.10.19"]

1. Nf3 c5 2. c4 Nc6 3. Nc3 e5 4. g3 g6 5. Bg2 Bg7 6. d3 Nge7 7. Bg5 f6 8. Bd2
O-O 9. O-O d6 10. a3 Be6 11. b4 cxb4 12. axb4 Nxb4 13. Qb3 a5 14. Na2 Nxa2 15.
Rxa2 d5 16. Be3 Qc7 17. Rc1 Rfc8 18. Bb6 Qd7 19. Nd2 a4 20. Qb1 f5 21. cxd5
Rxc1+ 22. Qxc1 Nxd5 23. Nc4 e4 24. d4 Rc8 25. Rc2 Nb4 26. Bc5 Nxc2 27. Nb6 Nxd4
28. Bf1 Rxc5 29. Qxc5 Qc6 0-1

[Event "Oscaro Open 2013"]
[Site "Bastia FRA"]
[Date "2013.10.19"]
[Round "5.6"]
[White "Fridman, Daniel"]
[Black "Bosiocic, Marin"]
[Result "1-0"]
[WhiteTitle "GM"]
[BlackTitle "GM"]
[WhiteElo "2602"]
[BlackElo "2542"]
[WhiteFideId "11600454"]
[BlackFideId "14507927"]
[EventDate "2013.10.19"]

1. Nf3 Nc6 2. d4 d5 3. g3 Bg4 4. Bg2 e6 5. O-O Be7 6. c4 Bf6 7. e3 Nge7 8. h3
Bf5 9. Nc3 h6 10. Nh2 g5 11. cxd5 exd5 12. Qb3 Na5 13. Qa4+ c6 14. Bd2 b6 15.
Nxd5 Nxd5 16. Bxa5 Qd7 17. Bd2 b5 18. Qa6 Nb6 19. Rac1 Rc8 20. Ng4 Bg7 21. Bb4
h5 22. Ne5 Bxe5 23. dxe5 Bxh3 24. Rfd1 Qf5 25. Qb7 1-0

[Event "Oscaro Open 2013"]
[Site "Bastia FRA"]
[Date "2013.10.19"]
[Round "5.7"]
[White "Cvitan, Ognjen"]
[Black "Jussupow, Artur"]
[Result "1/2-1/2"]
[WhiteTitle "GM"]
[BlackTitle "GM"]
[WhiteElo "2557"]
[BlackElo "2587"]
[WhiteFideId "14500086"]
[BlackFideId "4618777"]
[EventDate "2013.10.19"]

1. d4 Nf6 2. c4 e6 3. Nc3 Bb4 4. e3 c5 5. Bd3 Nc6 6. Ne2 cxd4 7. exd4 d5 8. cxd5
Nxd5 9. O-O O-O 10. Be4 Nxc3 11. bxc3 Bd6 12. Qd3 g6 13. Rb1 Qc7 14. g3 Bd7 15.
Bh6 Rfe8 16. c4 b6 17. Rfc1 Bf8 18. Bxf8 Rxf8 19. c5 Rab8 20. Nf4 bxc5 21. Rxb8
Rxb8 22. dxc5 Ne5 23. Qe3 Bc6 24. Ne2 Rb4 25. Bxc6 Nxc6 26. Rd1 Qe5 27. Qxe5
Nxe5 28. f4 Nc6 29. Rd6 Ne7 30. Ra6 Rc4 31. Rxa7 Nd5 32. a4 Rxc5 33. a5 Rc2 34.
Nd4 Ra2 35. Nc6 Ne3 36. Ne5 Rg2+ 37. Kh1 Ra2 38. Kg1 Rg2+ 39. Kh1 Ra2 40. Kg1
Rg2+ 1/2-1/2

[Event "Oscaro Open 2013"]
[Site "Bastia FRA"]
[Date "2013.10.19"]
[Round "5.8"]
[White "Schneider, Veronika"]
[Black "Saric, Ivan"]
[Result "0-1"]
[WhiteTitle "WGM"]
[BlackTitle "GM"]
[WhiteElo "2249"]
[BlackElo "2628"]
[WhiteFideId "721530"]
[BlackFideId "14508150"]
[EventDate "2013.10.19"]

1. e4 e5 2. Nf3 Nc6 3. Nc3 Nf6 4. d4 exd4 5. Nxd4 Bb4 6. Nxc6 bxc6 7. Bd3 O-O 8.
O-O Re8 9. Qf3 h6 10. h3 Rb8 11. Bf4 d6 12. Rad1 Nd7 13. Na4 Ba5 14. c3 Ne5 15.
Bxe5 Rxe5 16. b4 Bb6 17. Nxb6 axb6 18. Bc4 Qe7 19. Rfe1 Bb7 20. Re3 Re8 21. Rde1
c5 22. Bd5 c6 23. Bb3 b5 24. a4 bxa4 25. Bxa4 cxb4 26. cxb4 Qc7 27. Rc1 Qb6 28.
Bc2 d5 29. Rb1 d4 30. Ree1 Ba6 31. Bd3 Bb5 32. Qd1 Rb8 33. Bxb5 Rxb5 34. Qc2
Rxb4 35. Rxb4 Qxb4 36. Rc1 Rc8 37. Qc5 Qxc5 38. Rxc5 Kf8 39. Kf1 Ke7 40. e5 Kd7
41. Ke2 Kc7 42. Kd3 Kb6 43. Rc4 c5 44. f4 Kc6 45. Ra4 Kd5 46. Ra5 g5 47. g3 Rb8
48. Ra7 Rb3+ 49. Kd2 Rxg3 50. Rxf7 gxf4 51. Rxf4 Kxe5 52. Rh4 c4 53. Rxh6 Rg2+
54. Kd1 Ke4 55. Re6+ Kd3 56. Re1 Ra2 0-1

[Event "Oscaro Open 2013"]
[Site "Bastia FRA"]
[Date "2013.10.19"]
[Round "6.1"]
[White "Postny, Evgeny"]
[Black "Istratescu, Andrei"]
[Result "0-1"]
[WhiteTitle "GM"]
[BlackTitle "GM"]
[WhiteElo "2631"]
[BlackElo "2664"]
[WhiteFideId "2804344"]
[BlackFideId "1200372"]
[EventDate "2013.10.19"]

1. d4 e6 2. c4 Bb4+ 3. Bd2 a5 4. Nf3 d5 5. g3 dxc4 6. Bg2 Nc6 7. e3 Nge7 8. O-O
O-O 9. Qc2 b5 10. a4 Ba6 11. axb5 Bxb5 12. Rc1 Rb8 13. Bc3 Bd6 14. Nbd2 Nd5 15.
Qd1 Nxc3 16. bxc3 a4 17. Bf1 Na5 18. Ra2 c5 19. Be2 Qe7 20. Qf1 Rfc8 21. dxc5
Bxc5 22. Rb1 a3 23. Ne5 Qc7 24. Nexc4 Nxc4 25. Bxc4 Bc6 26. Rxb8 Rxb8 27. Nb3
Bf8 28. Nd4 Ba8 29. Qe2 Qb7 30. f3 Qb1+ 31. Qf1 Bd5 32. Ra1 a2 33. Bb5 Qxf1+ 34.
Rxf1 e5 0-1

[Event "Oscaro Open 2013"]
[Site "Bastia FRA"]
[Date "2013.10.19"]
[Round "6.2"]
[White "Almasi, Zoltan"]
[Black "Naiditsch, Arkadij"]
[Result "1-0"]
[WhiteTitle "GM"]
[BlackTitle "GM"]
[WhiteElo "2707"]
[BlackElo "2724"]
[WhiteFideId "702293"]
[BlackFideId "4650891"]
[EventDate "2013.10.19"]

1. c4 Nf6 2. Nf3 e6 3. g3 d5 4. Bg2 dxc4 5. Qa4+ Nbd7 6. Qxc4 c5 7. Qb3 Bd6 8.
d3 O-O 9. a4 b6 10. Ng5 Nd5 11. Nc3 N7f6 12. Nge4 Bb7 13. Bd2 Be7 14. O-O Nxc3
15. Nxf6+ Bxf6 16. bxc3 Bxg2 17. Kxg2 Rc8 18. Qc4 Qd5+ 19. Qxd5 exd5 20. Rfb1
Rfe8 21. Kf3 Rc6 22. e3 Bd8 23. c4 dxc4 24. dxc4 Bf6 25. Ra2 Rd8 26. a5 bxa5 27.
Ke2 h5 28. Rxa5 a6 29. h4 Ra8 30. Rb7 Bd8 31. Ra2 Rb6 32. Rd7 Rb3 33. Rd5 Bb6
34. Rxh5 a5 35. Ra4 Re8 36. Rd5 Rb2 37. Rd6 Bc7 38. Rd7 Rd8 39. Rxd8+ Bxd8 40.
Kd3 f5 41. Bxa5 Bxa5 42. Rxa5 Rxf2 43. Rxc5 Kf7 44. Rd5 Ke6 45. Rd4 Rg2 46. c5
Rg1 47. c6 Rc1 48. Rc4 Rd1+ 1-0

[Event "Oscaro Open 2013"]
[Site "Bastia FRA"]
[Date "2013.10.19"]
[Round "6.3"]
[White "Balogh, Csaba"]
[Black "Fedorchuk, Sergey A."]
[Result "0-1"]
[WhiteTitle "GM"]
[BlackTitle "GM"]
[WhiteElo "2632"]
[BlackElo "2656"]
[WhiteFideId "718939"]
[BlackFideId "14102536"]
[EventDate "2013.10.19"]

1. e4 c5 2. Nf3 e6 3. g3 Nc6 4. Bg2 Nf6 5. Qe2 d6 6. O-O Be7 7. c3 Qb6 8. Rd1 e5
9. Na3 O-O 10. Nc4 Qa6 11. d3 h6 12. Ne3 Re8 13. Nh4 Bf8 14. Qf3 Ne7 15. Nef5
Nxf5 16. Nxf5 Nh7 17. h4 Be6 18. Be3 Rad8 19. d4 cxd4 20. cxd4 Rc8 21. d5 Bd7
22. Bh3 Bxf5 23. Bxf5 Rc7 24. Rac1 Ree7 25. a3 Qa4 26. Bd2 Nf6 27. Bb4 Ne8 28.
Qd3 Rxc1 29. Rxc1 Rc7 30. Rxc7 Nxc7 31. Qc4 Qd1+ 32. Kg2 Na6 33. Bd7 Nxb4 34.
Qxb4 Qd4 35. Qxd4 exd4 36. Kf3 Be7 37. Ke2 Bf6 38. Kd3 Kf8 39. h5 g6 40. hxg6
fxg6 41. Bc8 b6 42. b3 Ke7 43. Kc4 h5 44. f3 g5 45. Bf5 Be5 46. Bg6 h4 47. gxh4
gxh4 48. Bf5 Kf6 49. f4 Bxf4 50. Kxd4 Kg5 51. Kd3 Bc1 52. a4 Kf4 53. Bc8 Bb2 54.
Bf5 Be5 55. Kc4 Kg3 56. Kb5 h3 57. Bxh3 Kxh3 58. Ka6 Kg4 59. Kxa7 Bd4 60. Kb7
Kf4 61. b4 Kxe4 62. Kc6 Ke5 63. a5 bxa5 64. bxa5 Bf2 65. a6 Be3 0-1

[Event "Oscaro Open 2013"]
[Site "Bastia FRA"]
[Date "2013.10.19"]
[Round "6.5"]
[White "Saric, Ivan"]
[Black "Zatonskih, Anna"]
[Result "1-0"]
[WhiteTitle "GM"]
[BlackTitle "IM"]
[WhiteElo "2628"]
[BlackElo "2471"]
[WhiteFideId "14508150"]
[BlackFideId "14101572"]
[EventDate "2013.10.19"]

1. e4 e6 2. d4 d5 3. Nc3 dxe4 4. Nxe4 Nd7 5. Nf3 Ngf6 6. Bd3 Nxe4 7. Bxe4 Nf6 8.
Bg5 Qd6 9. Bd3 Qb4+ 10. Bd2 Qxb2 11. O-O Qa3 12. Ne5 Qd6 13. Bf4 Qd8 14. Qf3 Be7
15. Bb5+ Kf8 16. Rad1 Qd5 17. Qe2 Qe4 18. Qd2 Nd5 19. Bg3 Bb4 20. Qg5 Be7 21.
Qc1 Nc3 22. Rfe1 Qd5 23. Bc4 Qa5 24. Rd3 Nxa2 25. Qa1 Bb4 26. Bxa2 Bxe1 27. Nc4
Qa4 28. Ra3 Bxf2+ 29. Bxf2 Qxc2 30. Rc3 Qe2 31. d5 Bd7 32. Bc5+ Kg8 33. Rg3 f6
34. Ne3 Re8 35. Bc4 Qh5 36. Qxf6 Qf7 37. Qd4 exd5 38. Bxd5 Be6 39. Ng4 Bxd5 40.
Nh6# 1-0

[Event "Oscaro Open 2013"]
[Site "Bastia FRA"]
[Date "2013.10.19"]
[Round "6.8"]
[White "Jussupow, Artur"]
[Black "Terrieux, Kevin"]
[Result "1-0"]
[WhiteTitle "GM"]
[BlackTitle "IM"]
[WhiteElo "2587"]
[BlackElo "2415"]
[WhiteFideId "4618777"]
[BlackFideId "622591"]
[EventDate "2013.10.19"]

1. d4 Nf6 2. Nf3 g6 3. Bg5 Bg7 4. Nbd2 h6 5. Bh4 d5 6. c3 O-O 7. e3 c5 8. Be2
Nc6 9. dxc5 a5 10. a4 e5 11. O-O Be6 12. Bb5 g5 13. Bg3 Nd7 14. e4 dxe4 15. Nxe4
f5 16. Qd6 Bf7 17. Bxc6 bxc6 18. Nxe5 Nxe5 19. Bxe5 fxe4 20. Bxg7 Kxg7 21. Qxc6
Bd5 22. Qb5 Rb8 23. Qe2 Qc7 24. Qe3 Qe5 25. Rad1 Rxb2 26. Rd4 Rfb8 27. c4 R8b3
28. Rxd5 Rxe3 29. Rxe5 Rc3 30. Rxe4 Rbc2 31. Rfe1 Rxc4 32. Re7+ Kf8 33. h3 Rxa4
34. Rh7 Rxc5 35. Rd1 Ke8 36. Rd6 Rf5 37. Ra6 Ra1+ 38. Kh2 1-0

[Event "Oscaro Open 2013"]
[Site "Bastia FRA"]
[Date "2013.10.19"]
[Round "6.9"]
[White "Meszaros, Tamas"]
[Black "Cvitan, Ognjen"]
[Result "0-1"]
[WhiteTitle "IM"]
[BlackTitle "GM"]
[WhiteElo "2408"]
[BlackElo "2557"]
[WhiteFideId "717410"]
[BlackFideId "14500086"]
[EventDate "2013.10.19"]

1. e4 c5 2. Nf3 d6 3. d4 cxd4 4. Nxd4 Nf6 5. Nc3 g6 6. Be2 Bg7 7. O-O O-O 8. Re1
Nc6 9. Nb3 b6 10. Nd5 Bb7 11. Nxf6+ Bxf6 12. c3 Qc7 13. Bf4 Rfd8 14. Bf1 Rac8
15. a4 a6 16. Qe2 Ne5 17. a5 b5 18. Nd2 Qb8 19. Be3 Qa8 20. Bb6 Re8 21. f3 Nd7
22. Bf2 Nc5 23. Rad1 Qb8 24. Rc1 Na4 25. Nb3 Bc6 26. Nd4 Bd7 27. Qd2 e5 28. Nb3
Be6 29. Na1 Red8 30. b3 Nc5 31. c4 bxc4 32. bxc4 Qc7 33. Rb1 Rb8 34. Qc3 Rdc8
35. Nc2 Bd8 36. Ne3 Qxa5 37. Qxa5 Bxa5 38. Rxb8 Rxb8 39. Ra1 Bc3 40. Rd1 Bd4 41.
Nd5 Bxd5 42. Bxd4 exd4 43. cxd5 Rb4 44. Ra1 d3 45. Kf2 f5 46. exf5 gxf5 47. Ke3
f4+ 48. Kd2 Rb2+ 49. Kd1 Kg7 50. Rc1 0-1

[Event "Oscaro Open 2013"]
[Site "Bastia FRA"]
[Date "2013.10.20"]
[Round "7.1"]
[White "Istratescu, Andrei"]
[Black "Almasi, Zoltan"]
[Result "1/2-1/2"]
[WhiteTitle "GM"]
[BlackTitle "GM"]
[WhiteElo "2664"]
[BlackElo "2707"]
[WhiteFideId "1200372"]
[BlackFideId "702293"]
[EventDate "2013.10.19"]

1. e4 e5 2. Nf3 Nc6 3. Nc3 Nf6 4. Bb5 Bd6 5. a3 O-O 6. d3 Re8 7. Bc4 Bc5 8. b4
Bd4 9. Nxd4 Nxd4 10. O-O c6 11. Bg5 h6 12. Bxf6 Qxf6 13. Ne2 Nxe2+ 14. Qxe2 d6
15. Qe3 Be6 16. Bxe6 Rxe6 17. a4 Qg5 18. c4 Qxe3 19. fxe3 a5 20. b5 c5 21. Rf3
b6 22. Raf1 Rf8 23. g4 g6 24. h4 g5 25. h5 f6 26. Kh1 Kg7 27. Kg1 Re7 28. Kh1
Re6 29. Kg1 Re7 1/2-1/2

[Event "Oscaro Open 2013"]
[Site "Bastia FRA"]
[Date "2013.10.20"]
[Round "7.2"]
[White "Fedorchuk, Sergey A."]
[Black "Fridman, Daniel"]
[Result "1/2-1/2"]
[WhiteTitle "GM"]
[BlackTitle "GM"]
[WhiteElo "2656"]
[BlackElo "2602"]
[WhiteFideId "14102536"]
[BlackFideId "11600454"]
[EventDate "2013.10.19"]

1. e4 e6 2. d4 d5 3. Nd2 c5 4. Ngf3 cxd4 5. Nxd4 Nf6 6. Bb5+ Bd7 7. Bxd7+ Nbxd7
8. exd5 Ne5 9. Qe2 Qxd5 10. N4f3 Nxf3+ 11. Nxf3 Rc8 12. c3 Qe4 13. Qxe4 Nxe4 14.
Be3 Bc5 15. Ke2 Bxe3 16. Kxe3 Nd6 17. Ke2 Ke7 18. Rhd1 Rhd8 19. Rd3 Nc4 20. Rxd8
Rxd8 21. b3 Nd6 22. c4 Ne4 23. Rc1 a5 24. Rc2 b6 25. Ne5 Rd6 26. Nd3 Nc5 27. Rd2
Ne4 28. Rc2 Nc5 29. Rd2 Ne4 30. Rc2 1/2-1/2

[Event "Oscaro Open 2013"]
[Site "Bastia FRA"]
[Date "2013.10.20"]
[Round "7.4"]
[White "Dourerassou, Jonathan"]
[Black "Saric, Ivan"]
[Result "1/2-1/2"]
[WhiteTitle "IM"]
[BlackTitle "GM"]
[WhiteElo "2484"]
[BlackElo "2628"]
[WhiteFideId "628050"]
[BlackFideId "14508150"]
[EventDate "2013.10.19"]

1. e4 c5 2. Nf3 Nc6 3. b3 e5 4. Bb2 d6 5. Bb5 Be7 6. O-O Nf6 7. Bxc6+ bxc6 8.
Qe2 O-O 9. h3 Nh5 10. Nc3 Nf4 11. Qe3 Bg5 12. Nxg5 Qxg5 13. Qg3 Qh6 14. d3 Ne6
15. Bc1 Qg6 16. Ne2 a5 17. a4 Qxg3 18. fxg3 h5 19. Be3 f6 20. Kh2 g6 21. Rf2 Kg7
22. Raf1 d5 23. Rd1 Ba6 24. Ng1 Rfd8 25. Rfd2 Rd7 26. Nf3 Rad8 27. exd5 cxd5 28.
Rf2 Bb7 29. Bd2 Ra8 30. Re1 Bc6 31. Bc3 Nd4 32. Bb2 Ra6 33. Ba3 Nxf3+ 34. gxf3
c4 35. f4 e4 36. bxc4 dxc4 37. dxe4 Bxa4 38. e5 fxe5 39. Rxe5 c3 40. f5 Rd2 41.
Rxd2 cxd2 42. Rd5 Bxc2 43. Bb2+ Kf8 44. Rxd2 Bxf5 45. Rd4 Rc6 46. Ba3+ Kf7 47.
g4 Rc2+ 48. Kg1 Rc3 49. Bb2 Rg3+ 50. Kf2 Rb3 51. Bc1 hxg4 52. hxg4 Be6 53. Ra4
Rb5 54. Bd2 Rd5 55. Ke1 Bd7 56. Rxa5 Rxa5 57. Bxa5 Bxg4 58. Bd2 g5 59. Bxg5 1/2-1/2

[Event "Oscaro Open 2013"]
[Site "Bastia FRA"]
[Date "2013.10.20"]
[Round "7.5"]
[White "Koziak, Vitali"]
[Black "Jussupow, Artur"]
[Result "1/2-1/2"]
[WhiteTitle "IM"]
[BlackTitle "GM"]
[WhiteElo "2481"]
[BlackElo "2587"]
[WhiteFideId "14102234"]
[BlackFideId "4618777"]
[EventDate "2013.10.19"]

1. Nf3 d5 2. d4 Nf6 3. c4 e6 4. Nc3 Nbd7 5. Bf4 dxc4 6. e3 Nb6 7. Bxc4 Nxc4 8.
Qa4+ Bd7 9. Qxc4 Bd6 10. Bg5 O-O 11. O-O Rc8 12. Ne4 Be7 13. Nxf6+ Bxf6 14. Bxf6
Qxf6 15. Ne5 Qe7 16. Rac1 Be8 17. Rfd1 f6 18. Nd3 Bf7 19. Qc5 Qxc5 20. Nxc5 b6
21. Na6 c6 22. b3 Rfd8 23. Kf1 Be8 24. Ke1 e5 25. dxe5 fxe5 26. Nb4 Rxd1+ 27.
Rxd1 Kf7 28. Nd3 Ke6 29. f4 exf4 30. Nxf4+ Ke7 31. e4 g5 32. Nh3 h6 33. Kf2 c5
34. Ke3 a5 35. Ng1 a4 36. bxa4 Bxa4 37. Rb1 b5 38. Nf3 b4 39. Ne5 Ke6 40. Nd3
Kd6 41. Rc1 Rc7 42. e5+ Kd5 43. Nxb4+ Kxe5 44. Na6 Ra7 45. Nxc5 Bb5 46. a4 Be8
47. Nd3+ Kf6 48. Rf1+ Kg7 49. Nc5 Bxa4 50. Nxa4 Rxa4 51. Kf2 1/2-1/2